[Event "Brno CEZ Talent"]
[Site "?"]
[Date "2013.09.01"]
[Round "9"]
[White "Doskar, Miloslav"]
[Black "Zuziak, Petr"]
[Result "0-1"]
[WhiteElo "1739"]
[BlackElo "1713"]
[PlyCount "92"]

1. d4 Nf6 2. c4 g6 3. Nc3 d5 4. cxd5 Nxd5 5. e4 Nxc3 6. bxc3 Bg7 7. Bc4 c5 8.
Ne2 O-O 9. O-O Nc6 10. Be3 Bg4 11. f3 Na5 12. Bd3 cxd4 13. cxd4 Be6 14. e5 Nc4
15. Bxc4 Bxc4 16. Re1 Qa5 17. Bd2 Qb6 18. Rb1 Bxe2 19. Rxe2 Qxd4+ 20. Kh1 Rfd8
21. Qe1 b6 22. Bb4 e6 23. Bd6 Rac8 24. Re4 Qc3 25. Qxc3 Rxc3 26. Ra4 Rdc8 27.
Kg1 R3c6 28. Kf2 Bf8 29. Rd1 Bxd6 30. exd6 a5 31. Ke3 f6 32. g3 Kf7 33. g4 Rd8
34. Rad4 e5 35. Rd5 Rd7 36. g5 Rc2 37. a4 {(R)} Rxh2 38. Rc1 Ke6 39. Rb5 Rxd6
40. gxf6 Kxf6 41. Rcb1 Ra2 42. Rxb6 Rxb6 43. Rxb6+ Kf5 44. Rb7 Ra3+ 45. Kf2 h5
46. Rf7+ Ke6 0-1

[Event "Brno CEZ Talent"]
[Site "?"]
[Date "2013.09.01"]
[Round "9"]
[White "Martirosyan, Ara"]
[Black "Blazek, Pavel"]
[Result "0-1"]
[WhiteElo "1610"]
[BlackElo "1820"]
[PlyCount "94"]

1. e4 d6 2. d4 Nf6 3. Nc3 e5 4. dxe5 dxe5 5. Nf3 Qxd1+ 6. Kxd1 Bg4 7. Be2 Nc6
8. Bg5 Bxf3 9. Bxf3 Nd4 10. Bxf6 gxf6 11. Nd5 O-O-O 12. Kc1 Bh6+ 13. Ne3 Nxf3
14. gxf3 Rhg8 15. b3 Rg2 16. Kb2 Bxe3 17. fxe3 Rdd2 18. Rac1 Rde2 19. Rhe1 Kd7
20. h4 Rxe1 21. Rxe1 Rh2 22. Kc3 Rxh4 23. Kd3 {(R)} Ke7 24. Rg1 Kf8 25. Rg3 Rh2
26. a4 h5 27. b4 h4 28. Rg4 h3 29. Rh4 Rh1 30. c3 h2 31. Kc4 Ke7 32. a5 a6 33.
f4 b5+ 34. axb6 cxb6 35. fxe5 fxe5 36. Rh5 f6 37. Kd5 Kd7 38. Rh7+ Ke8 39. Kc6
a5 40. Kxb6 a4 41. c4 a3 42. c5 a2 43. c6 a1=Q 44. c7 Rc1 45. Rxh2 Qc3 46. Rh8+
Kd7 47. Rd8+ Ke7 0-1

[Event "Brno CEZ Talent"]
[Site "?"]
[Date "2013.09.01"]
[Round "9"]
[White "Nehyba, Martin"]
[Black "Prokop, Jiri"]
[Result "1-0"]
[WhiteElo "1566"]
[BlackElo "1758"]
[PlyCount "59"]

1. e4 d6 2. d4 Nf6 3. Nc3 g6 4. Nf3 Bg7 5. Be3 c6 6. Bd3 a6 7. O-O O-O 8. Qd2
Qc7 9. h3 e5 10. Nh2 b5 11. f4 Nbd7 12. f5 exd4 13. Bxd4 Ne5 14. Be3 Bb7 15.
Bg5 Nfd7 16. Bh6 Qb6+ 17. Kh1 c5 18. Qf4 Nxd3 19. cxd3 Be5 20. Qd2 Bg7 21. Ng4
Bxh6 22. Qxh6 Kh8 23. Rf2 Rg8 24. Raf1 Qd8 25. Qf4 Nf6 26. fxg6 Nxg4 27. Qxg4
fxg6 28. Rf7 Bc8 29. Qf4 Be6 30. Qh6 1-0

[Event "Brno CEZ Talent"]
[Site "?"]
[Date "2013.09.01"]
[Round "9"]
[White "Navratilova, Alena"]
[Black "Kaplan, Milan"]
[Result "1-0"]
[WhiteElo "1684"]
[BlackElo "1000"]
[PlyCount "107"]

1. Nf3 Nf6 2. d4 e6 3. c4 b6 4. g3 d6 5. Bg2 Bb7 6. O-O Be7 7. b3 Nbd7 8. Bb2
Rb8 9. Nbd2 d5 10. Re1 O-O 11. e3 Ne4 12. a3 f5 13. Rc1 Bf6 14. b4 c5 15. b5
Nd6 16. a4 dxc4 17. Nxc4 Nxc4 18. Rxc4 Bd5 19. Rc1 c4 20. Bf1 Rc8 21. Nd2 Qc7
22. Nxc4 Qb8 23. Nd2 Rxc1 24. Qxc1 Rc8 25. Qb1 Qb7 26. Rc1 g5 27. Rxc8+ Qxc8
28. Bg2 Qb7 29. Bxd5 Qxd5 30. Qc2 h5 31. Ba3 Bd8 32. Qc4 Nf6 33. Qxd5 Nxd5 34.
Nc4 Bc7 35. Bd6 Kf7 36. Bxc7 Nxc7 37. Nd6+ Kf6 38. Nc8 a5 39. bxa6 Nxa6 40.
Nxb6 Ke7 41. Nc4 f4 42. gxf4 gxf4 43. Kg2 Nb4 44. a5 fxe3 45. fxe3 Kd7 46. Kg3
Kc6 47. Nd2 Kb5 48. Nb3 Kc4 49. Nc5 e5 50. a6 Nc6 51. Ne6 Kd5 52. Nc7+ Kc4 53.
d5 Kc5 54. dxc6 1-0

[Event "Brno CEZ Talent"]
[Site "?"]
[Date "2013.09.01"]
[Round "9"]
[White "Glacner, Karel"]
[Black "Koci, Tereza"]
[Result "1-0"]
[WhiteElo "1583"]
[BlackElo "1426"]
[PlyCount "31"]

1. e4 c5 2. c3 e6 3. d4 cxd4 4. cxd4 a6 5. Nc3 Qc7 6. a3 d6 7. Nf3 Nd7 8. Bd2
Ngf6 9. Bd3 e5 10. Rc1 exd4 11. Nb5 Qxc1 12. Qxc1 axb5 13. Bxb5 Nxe4 14. Ng5
Nxg5 15. Bxg5 Ra5 16. Qc7 1-0

[Event "Brno CEZ Talent"]
[Site "?"]
[Date "2013.09.01"]
[Round "9"]
[White "Richterova, Julie"]
[Black "Sojka, Oldrich"]
[Result "1/2-1/2"]
[WhiteElo "1437"]
[BlackElo "1639"]
[PlyCount "60"]

1. d4 d5 2. c4 Bf5 3. Nc3 e6 4. Nf3 Nc6 5. Bf4 Bb4 6. Qb3 Nf6 7. a3 Bxc3+ 8.
Qxc3 O-O 9. e3 h6 10. Be2 Ne4 11. Qb3 Rb8 12. O-O Bg4 13. Rfd1 Ne7 14. h3 Bf5
15. Rac1 Nc6 16. cxd5 exd5 17. Qa2 Qd7 18. Ne5 Qe6 19. Nxc6 bxc6 20. Bxc7 Rbc8
21. Ba5 Qg6 22. Kf1 Qf6 23. Bf3 Ng5 24. Be2 Ne4 25. Be1 Be6 26. Kg1 Qg6 27. Kh1
Qf6 28. Kg1 Qg6 29. Kf1 Qf6 30. Kg1 g5 1/2-1/2